Catálogo

DE MAQUINAS Y SERES VIVOS : (Registro nro. 54597)

Detalles MARC
000 -LEADER
fixed length control field 00976nam a2200217 a 4500
001 - CONTROL NUMBER
control field 54597
005 - DATE AND TIME OF LATEST TRANSACTION
control field 20180714045520.0
008 - FIXED-LENGTH DATA ELEMENTS--GENERAL INFORMATION
fixed length control field 140415s2004 ag 000 0 spa d
020 ## - INTERNATIONAL STANDARD BOOK NUMBER
International Standard Book Number 9870003869
041 ## - LANGUAGE CODE
Language code of text/sound track or separate title spa
082 ## - DEWEY DECIMAL CLASSIFICATION NUMBER
Classification number 121
Item number MAT
100 1# - MAIN ENTRY--PERSONAL NAME
Personal name MATURANA ROMESIN, HUMBERTO
245 13 - TITLE STATEMENT
Title DE MAQUINAS Y SERES VIVOS :
Remainder of title AUTOPOIESIS: LA ORGANIZACION DE LO VIVO
250 ## - EDITION STATEMENT
Edition statement 1a ed.
260 ## - PUBLICATION, DISTRIBUTION, ETC.
Place of publication, distribution, etc. ARGENTINA :
Name of publisher, distributor, etc. UNIVERSITARIA,
Date of publication, distribution, etc. 2004
300 ## - PHYSICAL DESCRIPTION
Extent 67
Dimensions 15 x 0.4 x 21.4
490 ## - SERIES STATEMENT
Series statement OPUSCULA PHILOSOPHICA
520 ## - SUMMARY, ETC.
Summary, etc. LA NOCION DE AUTOPOIESIS U ORGANIZACION DE LO VIVIENTE, COMO CARACTERIZACION DE LOS SISTEMAS VIVOS, TIENE PLENA VIGENCIA EN NUESTROS DIAS. LA VISION PROPUESTA POR LOS PROFESORES MATURANA Y VARELA NO SOLO PERMITE ENTENDER LA FENOMENOLOGIA BIOLOGICA EN SU TOTALIDAD, SINO QUE TAMBIEN TIENE IMPORTANTES CONSECUENCIAS EN OTROS CAMPOS DEL ENTENDIMIENTO HUMANO
650 14 - SUBJECT ADDED ENTRY--TOPICAL TERM
Topical term or geographic name entry element EPISTEMOLOGIA
700 1# - ADDED ENTRY--PERSONAL NAME
Personal name VARELA GARCIA, FRANCISCO J.
Relator term coaut.
Existencias
Withdrawn status Lost status Source of classification or shelving scheme Damaged status Not for loan Collection code Home library Current library Shelving location Date acquired Source of acquisition Inventory number Total Checkouts Full call number Barcode Date last seen Price effective from Koha item type
    Dewey Decimal Classification     General Centro de Estudios en Ciencia y Religión Centro de Estudios en Ciencia y Religión Sala general 03/12/2013 Compra 151000000000000000078120   121 MAT 81796 05/01/2026 20/11/2015 Libro